LEADER 01704nab a2200493 i 4500
001 publ824
005 20180723100357.0
008 120605s2011 hu o 0|| zxx d
022 |a 1471-2350 
024 7 |a 10.1186/1471-2350-12-19  |2 doi 
024 7 |a 2711883  |2 mtmt 
040 |a SZTE Publicatio Repozitórium  |b hun 
041 |a zxx 
100 1 |a Roshandel Delnaz 
245 1 2 |a A validation of the first genome-wide association study of calcaneus ultrasound parameters in the European Male Ageing Study  |h [elektronikus dokumentum] /  |c  Roshandel Delnaz 
260 |a BioMed Central Ltd.  |c 2011 
300 |a Terjedelem: 9 p.-Azonosító: 19 
490 0 |a BMC Medical Genetics  |v 12 
700 0 1 |a Thomson Wendy  |e aut 
700 0 1 |a Pye Stephen R.  |e aut 
700 0 1 |a Boonen Steven  |e aut 
700 0 1 |a Borghs Herman  |e aut 
700 0 1 |a Vanderschueren Dirk  |e aut 
700 0 1 |a Huhtaniemi Ilpo T.  |e aut 
700 0 1 |a Adams Judith E.  |e aut 
700 0 1 |a Ward Kate A.  |e aut 
700 0 1 |a Bártfai György  |e aut 
700 0 1 |a Casanueva Felipe F.  |e aut 
700 0 1 |a Finn Joseph D.  |e aut 
700 0 1 |a Forti Gianni  |e aut 
700 0 1 |a Giwercman Aleksander  |e aut 
700 0 1 |a Han Thang S.  |e aut 
700 0 1 |a Kula Krzysztof  |e aut 
700 0 1 |a Lean Michael E.  |e aut 
700 0 1 |a Pendleton Neil  |e aut 
700 0 1 |a Punab Margus  |e aut 
700 0 1 |a Silman Alan J.  |e aut 
700 0 1 |a Wu Frederick C.  |e aut 
700 0 1 |a Holliday Kate L.  |e aut 
700 0 1 |a O’Neill Terence W.  |e aut 
700 0 1 |a Földesi Imre  |e aut 
700 0 1 |a Fejes Imre Zsolt  |e aut 
700 0 1 |a EMAS Study Group  |e aut 
856 4 0 |u http://publicatio.bibl.u-szeged.hu/824/1/I.45_Roshandel_2011_BMC_Medical_Genetics.pdf  |z Dokumentum-elérés